000
00251nam a2200109Ia 4500
008
200302s9999 xx 000 0 und d
100
_a
Jerome Malitz
245
_a
Personal Landscapes
260
_b
Timber Press Inc.
260
_c
1989
300
_a
272 P.,
999
_c
1179
_d
1179